|
|
|
|
| LEADER |
01081nam a2200265 a 4500 |
| 001 |
4817395 |
| 008 |
100126r19761971nyu b 001 0 eng d |
| 010 |
|
|
|a 89018142
|
| 020 |
|
|
|a 0140600019
|
| 020 |
|
|
|a 0385058985 :
|c $8.95
|
| 040 |
|
|
|a DLC
|c DLC
|d DLC
|d DB-DhAAL
|
| 082 |
0 |
0 |
|a 306.4/2
|2 18
|
| 100 |
1 |
|
|a Berger, Peter L.,
|d 1929-
|
| 245 |
1 |
4 |
|a The social construction of reality :
|b a treatise in the sociology of knowledge /
|c Peter L. Berger and Thomas Luckmann.
|
| 260 |
|
|
|a New York :
|b Penguin Books,
|c 1976.
|
| 300 |
|
|
|a x, 249 p. ;
|c 21 cm.
|
| 504 |
|
|
|a Includes bibliographical references and indexes.
|
| 541 |
1 |
|
|e 00000188
|
| 500 |
|
|
|a Reprint. Originally published: Garden City, N.Y. : Doubleday, 1966.
|
| 500 |
|
|
|a "First Anchor Books edition, 1967"--T.p. verso.
|
| 650 |
|
0 |
|a Knowledge, Sociology of.
|
| 700 |
1 |
|
|a Luckmann, Thomas.
|
| 852 |
4 |
|
|a Ayesha Abed Library
|j General Shelf.
|
| 999 |
|
|
|c 7206
|d 7206
|
| 952 |
|
|
|0 0
|1 0
|2 ddc
|4 0
|6 306_420000000000000_BER_1976
|7 0
|9 7498
|a BRACUL
|b BRACUL
|c GEN
|d 2010-01-26
|g 192.50
|l 0
|o 306.42 BER
|p 3010000188
|r 2010-01-26
|t 1
|w 2010-01-26
|y BK
|